Normal view
MARC view
- ELECTRIC FILTERS-ACTIVE, INTEGRATED CIRCUITS-DESIGN AND CONSTRUCTION.FREQUENCY EFFECTS IN FEEDBACK CIRCUITS
Entry Topical Term
001 - CONTROL NUMBER
- control field: 56690
003 - CONTROL NUMBER IDENTIFIER
- control field: NUST
005 - DATE AND TIME OF LATEST TRANSACTION
- control field: 20210628201745.0
008 - FIXED-LENGTH DATA ELEMENTS
- fixed length control field: 210628|| aca||aabn | a|a d
040 ## - CATALOGING SOURCE
- Original cataloging agency: NUST
- Transcribing agency: NUST
150 ## - HEADING--TOPICAL TERM
- Topical term or geographic name entry element: ELECTRIC FILTERS-ACTIVE, INTEGRATED CIRCUITS-DESIGN AND CONSTRUCTION.FREQUENCY EFFECTS IN FEEDBACK CIRCUITS
670 ## - SOURCE DATA FOUND
- Source citation: Work cat.: (NUST): Irons, Fred.H 56689, Active filters for integrated circuits applications, 2005
